• 首页
  • 本馆介绍
  • 公告通知
  • 最新文献
  • 馆藏检索
  • 电子资源
  • 读者导购
  • 参考咨询
  • 我的图书馆
  • 登录
  • 详细信息显示
  • 放入我的书架
  • 预约/预借图书
  • 作者相关作品
  • 分类相关作品
  • 丛书相关作品
  • 出版社相关作品

书目信息

  • 表格格式
  • 工作单格式
  • 卡片格式
题名:
水利工程测量学
    
 
作者: ;安徽水利电力学校 主编
分册:  
出版信息: 北京   水利电力出版社  1978
页数: 254页
开本: 26cm
丛书名:
单 册:
中图分类: TV221
科图分类:
主题词: 水利工程测量--专业学校--教材
电子资源:
ISBN: 15143.3406
000 00701nam0 2200241 450
001 0178001582
005 20100712215356.0
010    @a15143.3406@dCNY1.30
091    @a15143.3406
100    @a19950727d1978 em y0chiy0110 ea
101 0  @achi
102    @aCN@b110000
105    @ay z 000yy
106    @ar
200 1  @a水利工程测量学@9Shui Li Gong Cheng Ce Liang Xue @f安徽水利电力学校主编
210    @a北京@c水利电力出版社@d1978
215    @a254页@d26cm
300    @a中等专业学校教材
606 0  @a水利工程测量@x专业学校@x教材
690    @aTV221@v3
711 02 @a安徽水利电力学校@9an hui shui li dian li xue xiao@4主编
801  0 @aCN@bAzMarc@c20130904
905    @aBZT@dTV221@e2@f4@sTV221/2
    
    水利工程测量学/安徽水利电力学校主编.-北京:水利电力出版社,1978
    254页;26cm
    中等专业学校教材
    
    ISBN 15143.3406:CNY1.30
    
●
相关链接 在五车中查询图书 在当当中查询图书 在豆瓣中查询图书


正题名:水利工程测量学     索取号:TV221/2         预约/预借

序号 登录号 条形码 馆藏地/架位号 状态 备注
1 2000089944   2000089944   旧书回溯/ [索取号:TV221/2] 在馆    
2 2000150540   2000150540   旧书回溯/ [索取号:TV221/2] 在馆    
3 2000150541   2000150541   旧书回溯/ [索取号:TV221/2] 在馆    
4 2000150542   2000150542   旧书回溯/ [索取号:TV221/2] 在馆    
山东省滨州职业学院图书馆 欢迎您!
大连网信软件有限公司© 版权所有